Name the Luxury Fashion Brand by Image - Statistics

General Stats
  • This quiz has been taken 445 times
  • The average score is 7 of 16
Answer Stats
Picture Answer % Correct
Louis Vuitton
95%
Yves Saint Laurent
83%
Christian Louboutin
81%
Chanel
78%
Hermès
73%
Versace
69%
Christian Dior
58%
Balenciaga
53%
Vivienne Westwood
37%
Loewe
29%
Schiaparelli
22%
Thierry Mugler
20%
Coperni
18%
Maison Margiela
10%
Christian Lacroix
9%
Diane von Furstenberg
9%
No matching quizzes found
Score Distribution
Percent of People with Each Score
Percentile by Number Answered
Your Score History
You have not taken this quiz